| 000 | 01516cam a22003974a 4500 | ||
|---|---|---|---|
| 999 |
_c41172 _d41172 |
||
| 001 | 15061727 | ||
| 003 | OSt | ||
| 005 | 20210702122420.0 | ||
| 008 | 071029s2008 nyua b 001 0 eng c | ||
| 010 | _a 2007940370 | ||
| 015 |
_aGBA786916 _2bnb |
||
| 016 | 7 |
_a014200514 _2Uk |
|
| 020 | _a9781846289699 (acidfree paper) | ||
| 020 | _a1846289696 (acidfree paper) | ||
| 020 | _z9781846289705 (e-ISBN) | ||
| 020 | _z184628970X (e-ISBN) | ||
| 035 | _a(OCoLC)ocn176832832 | ||
| 040 |
_aUKM _cUKM _dBTCTA _dBAKER _dMUQ _dTXH _dOHX _dYDXCP _dIQU _dDLC |
||
| 042 | _apcc | ||
| 050 | 0 | 0 |
_aQA166 _b.B668 2008 |
| 082 | 0 | 0 |
_a511.5 _222 _bBON/G |
| 100 |
_aBondy, J A _q(John Adrian) _93928 |
||
| 245 | 1 | 0 |
_aGraph theory / _cJ.A. Bondy, U.S.R. Murty. |
| 260 |
_aNew York : _bSpringer, _cc2008. |
||
| 300 |
_axii, 651 p. : _bill. ; _c25 cm. |
||
| 440 | 0 |
_aGraduate texts in mathematics, _x0072-5285 ; _v244 |
|
| 504 | _aIncludes bibliographical references (p. 593-622) and index. | ||
| 650 | 0 | _aGraph theory. | |
| 650 | 6 | _aGraphes, Théorie des. | |
| 700 | 1 | _aMurty, U. S. R. | |
| 856 | 4 | 2 |
_3Publisher description _uhttp://www.loc.gov/catdir/enhancements/fy0825/2007940370-d.html |
| 856 | 4 | 1 |
_3Table of contents only _uhttp://www.loc.gov/catdir/enhancements/fy0825/2007940370-t.html |
| 906 |
_a7 _bcbc _cpccadap _d2 _eepcn _f20 _gy-gencatlg |
||
| 942 |
_2ddc _cBK _h511.5 _iBON/G _k511.5 _mBON/G |
||